| 000 | 00432nam a2200145 a 4500 | ||
|---|---|---|---|
| 001 | 000035965 | ||
| 005 | 20200930074747.0 | ||
| 008 | 111121s1995 dr ac 000 0 spa d | ||
| 040 |
_aDO-SdBNP _bspa _cBNPHU |
||
| 082 |
_axxx _cL166p |
||
| 100 | 1 |
_aLafontaine, José _961991 |
|
| 245 | 1 | 0 |
_aPeripecias de un locutor de tercera / _cJosé Lafontaine. |
| 260 |
_aSanto Domingo : _bTaller, _c1995. |
||
| 300 |
_a157 p. : _bil., retr. ; _c21 cm. |
||
| 999 |
_c35456 _d35456 |
||